| 000 | 00426pab a2200169 454500 | ||
|---|---|---|---|
| 008 | 180718b2007 xxu||||| |||| 00| 0 eng d | ||
| 100 | _aTharu, Susie et al | ||
| 245 | _aReservations and the return to politics | ||
| 260 | _c2007 | ||
| 300 | _ap.39-45. | ||
| 362 | _a8 Dec | ||
| 650 | _aBackward classes - India | ||
| 650 | _aBackward classes | ||
| 773 | _aEconomic and Political Weekly | ||
| 908 | _aN | ||
| 909 | _a76637 | ||
| 999 |
_c76637 _d76637 |
||